000 00485nam a2200157Ia 4500
003 GCL
008 140319s9999 xx 000 0 ara d
040 _aGCL /
_cGCL
082 0 4 _aد
_b050
100 1 _aمحمد رشاد الطوبى
245 1 0 _aوفى انفسكم الا تبصرون (صدق الله العظيم)(اقرا 489) /
_cمحمد رشاد الطوبى
300 _a174
490 _aاقرأ
_v0
650 0 4 _aجسم الانسان فى الدين
942 _2ddc
_cBK
999 _c48814
_d48814